ბათუმის შოთა რუსთაველის სახელმწიფო უნივერსიტეტის ბიბლიოთეკა

ნიშანდებული ატომები და მათი გამოყენება სოფლის მეურნეობაში (ბიბ.ჩანაწერი № 44577)

000 -LEADER
fixed length control field 01036nam a2200217Ia 4500
001 - CONTROL NUMBER
control field 11380
003 - CONTROL NUMBER IDENTIFIER
control field GE_BSU
008 - FIXED-LENGTH DATA ELEMENTS--GENERAL INFORMATION
fixed length control field 181216s||||||||xx |||||||||||||| ||und||
040 ## - CATALOGING SOURCE
Transcribing agency GE_BSU
080 ## - UNIVERSAL DECIMAL CLASSIFICATION NUMBER
Universal Decimal Classification number 621.039.85
100 ## - MAIN ENTRY--PERSONAL NAME
Personal name გორდეზიანი კ. გორდეზიანი მ. გაფრინდაშვილი ი.
245 ## - TITLE STATEMENT
Title ნიშანდებული ატომები და მათი გამოყენება სოფლის მეურნეობაში
245 ## - TITLE STATEMENT
Statement of responsibility, etc. საზ. რედ: ს. გუნია, ქ. დგებუაძე, მხატვ: ო. სეხნიაშვილი
260 ## - PUBLICATION, DISTRIBUTION, ETC.
Place of publication, distribution, etc. თბილისი.
260 ## - PUBLICATION, DISTRIBUTION, ETC.
Name of publisher, distributor, etc. საბჭოთა საქართველო.
260 ## - PUBLICATION, DISTRIBUTION, ETC.
Date of publication, distribution, etc. 1965
300 ## - PHYSICAL DESCRIPTION
Extent 138გვ.21სმ.
300 ## - PHYSICAL DESCRIPTION
Accompanying material ილ.
653 ## - INDEX TERM--UNCONTROLLED
Uncontrolled term ნიშანდებული ატომები და მათი გამოყენება სოფლის მეურნეობაში
942 ## - ADDED ENTRY ELEMENTS (KOHA)
Koha item type წიგნი
ეგზემპლარები
Withdrawn status Lost status Damaged status Not for loan Date acquired Barcode Date last seen Price effective from Koha item type
        2018-12-17 19722 2018-12-17 2018-12-17 წიგნი
        2018-12-17 19723 2018-12-17 2018-12-17 წიგნი